[Event "4NCL 3 South pool B"]
[Site "Maidenhead, ENG"]
[Date "2020.01.12"]
[Round "4.56"]
[White "Valentine, Brian J"]
[Black "Davies, Matthew"]
[Result "0-1"]
[WhiteElo "1959"]
[BlackElo "1906"]
[PlyCount "72"]
[EventDate "2020.01.12"]
[WhiteTeam "MK Phoenix 1"]
[BlackTeam "West is Best 2"]

1. e4 e6 2. d4 d5 3. Nc3 Nf6 4. e5 Nfd7 5. f4 c5 6. Nf3 Nc6 7. Be3 Qb6 8. Na4
Qa5+ 9. c3 c4 10. b4 Nxb4 11. cxb4 Bxb4+ 12. Kf2 b5 13. Nb2 Bc3 14. Qc2 b4 15.
Bxc4 Bxb2 16. Bxd5 Qxd5 17. Qxb2 a5 18. Rhc1 Bb7 19. Rc7 O-O 20. Qb3 Rfd8 21.
Rac1 Qb5 22. a4 Qd5 23. Qb1 Rac8 24. f5 Rxc7 25. Rxc7 Rc8 26. Rxc8+ Bxc8 27.
fxe6 fxe6 28. Qc2 Bb7 29. Qc7 h6 30. Qd8+ Nf8 31. Qh4 Qe4 32. Qd8 b3 33. Qb6
Bd5 34. Ne1 Qb1 35. Qxa5 Qa2+ 36. Kg3 b2 0-1

[Event "4NCL 3 South pool B"]
[Site "Maidenhead, ENG"]
[Date "2020.01.12"]
[Round "4.61"]
[White "Cooksey, Paul S"]
[Black "Cole, James"]
[Result "1/2-1/2"]
[WhiteElo "2305"]
[BlackElo "2042"]
[PlyCount "66"]
[EventDate "2020.01.12"]
[WhiteTeam "Crowthorne 1"]
[BlackTeam "Oxford 2"]

1. d4 Nf6 2. Nf3 g6 3. c4 Bg7 4. g3 c5 5. Nc3 cxd4 6. Nxd4 Nc6 7. Bg2 O-O 8.
O-O d6 9. Nxc6 bxc6 10. Bxc6 Rb8 11. Bg2 Qa5 12. Qd2 Nd7 13. Nd5 Qxd2 14. Bxd2
Rxb2 15. Nxe7+ Kh8 16. Rad1 Nb6 17. Nxc8 Rxc8 18. a3 Nxc4 19. Bb4 a5 $11 20.
Bxd6 Nxd6 21. Rxd6 Rxe2 22. Rd7 Rf8 23. Rb1 Rb2 24. Rc1 Rb3 25. a4 Rb4 26. Rcc7
Rxa4 27. Bd5 Rd4 28. Ra7 a4 29. Kg2 Rd2 30. Rxa4 Bd4 31. Ra2 Rxa2 32. Bxa2 Bc5
33. Bxf7 Bxf2 1/2-1/2

[Event "4NCL 3 South pool B"]
[Site "Maidenhead, ENG"]
[Date "2020.01.12"]
[Round "4.62"]
[White "Wilson, Edgar"]
[Black "Webb, Richard M"]
[Result "0-1"]
[WhiteElo "2012"]
[BlackElo "2215"]
[PlyCount "104"]
[EventDate "2020.01.12"]
[WhiteTeam "Oxford 2"]
[BlackTeam "Crowthorne 1"]

1. e4 c5 2. Nf3 d6 3. d4 cxd4 4. Nxd4 Nf6 5. Nc3 Nc6 6. Be2 e6 7. Be3 Be7 8.
O-O O-O 9. f4 Qc7 10. Bf3 a6 11. Qe2 Bd7 12. Kh1 Rac8 13. Rad1 b5 14. a3 Nxd4
15. Rxd4 Bc6 16. Rd2 Nd7 17. Bf2 Rfe8 18. g4 Nb6 19. b3 Bb7 20. Rd3 Nd7 21. Bg2
Bf8 22. Bg3 Qc5 23. e5 Bxg2+ 24. Kxg2 Qc6+ 25. Kh3 Nc5 26. Rdf3 d5 27. Re1 d4
28. Nd1 d3 29. cxd3 Nxb3 30. Bf2 Bc5 31. Bxc5 Qxc5 32. Qb2 Nd4 33. Rf2 Red8 34.
Ne3 Qc3 35. Qb1 a5 36. Ra2 a4 37. Rd1 h6 38. Qa1 Nb3 39. Qb1 Qd4 40. Ng2 Rc3
41. Re2 Rxd3+ 42. Rxd3 Qxd3+ 43. Qxd3 Rxd3+ 44. Kh4 Nd4 45. Re3 Rxe3 46. Nxe3
b4 47. Nc4 Nf3+ 48. Kg3 Nd2 49. Ne3 bxa3 50. Nc2 a2 51. Na1 Nb3 52. Nc2 a1=Q
0-1

[Event "4NCL 3 South pool B"]
[Site "Maidenhead, ENG"]
[Date "2020.01.12"]
[Round "4.63"]
[White "Thompson, Ian D"]
[Black "Burrows, Nick"]
[Result "1-0"]
[WhiteElo "2141"]
[BlackElo "2065"]
[PlyCount "55"]
[EventDate "2020.01.12"]
[WhiteTeam "Crowthorne 1"]
[BlackTeam "Oxford 2"]

1. c4 e6 2. Nf3 f5 3. g3 Nf6 4. Bg2 d5 5. d4 c6 6. Qc2 Bd6 7. O-O O-O 8. b3 Qe7
9. Bb2 Nbd7 10. Ne5 Ng4 11. Nxg4 fxg4 12. e4 dxc4 13. e5 Bc7 14. bxc4 c5 15.
Ba3 Rb8 16. Nd2 b6 17. Rad1 Bb7 18. Bxb7 Rxb7 19. Qe4 Rbb8 20. Qxg4 Rf5 21. f4
Qf7 22. Nf3 Rf8 23. Nh4 Rh5 24. d5 Rxh4 25. Qxh4 exd5 26. e6 Qf5 27. exd7 Bd8
28. g4 1-0

[Event "4NCL 3 South pool B"]
[Site "Maidenhead, ENG"]
[Date "2020.01.12"]
[Round "4.64"]
[White "Nataraj, Nakul"]
[Black "Coates, Kenneth G"]
[Result "1/2-1/2"]
[WhiteElo "2072"]
[BlackElo "2077"]
[PlyCount "35"]
[EventDate "2020.01.12"]
[WhiteTeam "Oxford 2"]
[BlackTeam "Crowthorne 1"]

1. e4 d5 2. exd5 Qxd5 3. Nc3 Qd6 4. Nf3 Nf6 5. Bc4 a6 6. h3 b5 7. Bb3 Bb7 8. d4
e6 9. Be3 Nbd7 10. Qe2 c5 11. dxc5 Nxc5 12. Rd1 Qc7 13. Bxc5 Bxc5 14. Nd5 Nxd5
15. Bxd5 O-O 16. Bxb7 Qxb7 17. O-O Rad8 18. Rxd8 1/2-1/2

[Event "4NCL 3 South pool B"]
[Site "Maidenhead, ENG"]
[Date "2020.01.12"]
[Round "4.65"]
[White "Purdon, Colin"]
[Black "Nicholas, Koichi B"]
[Result "1/2-1/2"]
[WhiteElo "1991"]
[BlackElo "2082"]
[PlyCount "92"]
[EventDate "2020.01.12"]
[WhiteTeam "Crowthorne 1"]
[BlackTeam "Oxford 2"]

1. d4 Nf6 2. c4 c5 3. d5 b5 4. cxb5 a6 5. b6 a5 6. Nc3 Ba6 7. e4 Bxf1 8. Kxf1
d6 9. Nf3 Nbd7 10. g3 g6 11. Kg2 Bg7 12. Qe2 O-O 13. e5 dxe5 14. Nxe5 Nxe5 15.
Qxe5 Qxb6 16. Qe2 Rfd8 17. Rd1 Qb7 18. Qf3 Rd7 19. Be3 c4 20. Rd2 a4 21. a3 Ra5
22. Rad1 Ne8 23. Bd4 Nf6 24. Be3 $11 Ne8 25. Bd4 Bxd4 26. Rxd4 Nd6 27. R4d2 Nb5
28. Ne4 Nd6 29. Nc3 Qb8 30. Ne4 Rb5 31. Nxd6 Rxd6 32. Qe2 Qc7 33. Rd4 Rc5 34.
Rc1 Qb7 35. Kg1 Rb6 36. Rdxc4 Rxb2 37. Qe5 Rxc4 38. Rxc4 Rb1+ 39. Kg2 Rd1 40.
Rxa4 Rxd5 41. Qe4 f5 42. Qf3 e5 43. Rb4 Qc6 44. Rb6 Qc4 45. Rb4 Qc6 46. Rb6 Qc4
1/2-1/2

[Event "4NCL 3 South pool B"]
[Site "Maidenhead, ENG"]
[Date "2020.01.12"]
[Round "4.66"]
[White "Rasanen, Otto"]
[Black "Johnson, Derek R"]
[Result "0-1"]
[WhiteElo "1921"]
[BlackElo "1906"]
[PlyCount "34"]
[EventDate "2020.01.12"]
[WhiteTeam "Oxford 2"]
[BlackTeam "Crowthorne 1"]

1. d4 Nf6 2. c4 c5 3. d5 e6 4. Nc3 exd5 5. cxd5 d6 6. e4 g6 7. f4 Bg7 8. Bb5+
Nfd7 9. Bd3 O-O 10. Nf3 Re8 11. O-O Nf6 12. Qc2 Na6 13. a3 Nc7 14. Nd2 Ng4 15.
Nc4 Bd4+ 16. Kh1 Nxh2 17. Nxd6 Nxf1 0-1

[Event "4NCL 3 South pool B"]
[Site "Maidenhead, ENG"]
[Date "2020.01.12"]
[Round "4.71"]
[White "Norman, Kenneth I"]
[Black "Duggan, Michael F G"]
[Result "1/2-1/2"]
[WhiteElo "2120"]
[BlackElo "2027"]
[PlyCount "39"]
[EventDate "2020.01.12"]
[WhiteTeam "Iceni 1"]
[BlackTeam "Wessex B"]

1. Nf3 b5 2. e4 a6 3. d4 Bb7 4. Bd3 g6 5. O-O Bg7 6. c3 d6 7. a4 bxa4 8. Qxa4+
Nd7 9. Nbd2 Ngf6 10. Re1 O-O 11. Qc2 c5 12. d5 Ng4 13. Nc4 Nge5 14. Nfxe5 Nxe5
15. Nxe5 Bxe5 16. Be3 Qc7 17. Qe2 Rfb8 18. Ra2 a5 19. Rea1 Qb6 20. Bc1 1/2-1/2

[Event "4NCL 3 South pool B"]
[Site "Maidenhead, ENG"]
[Date "2020.01.12"]
[Round "4.72"]
[White "Gregory, Keith D F"]
[Black "Hughes, Roy"]
[Result "1/2-1/2"]
[WhiteElo "1940"]
[BlackElo "2026"]
[PlyCount "35"]
[EventDate "2020.01.12"]
[WhiteTeam "Wessex B"]
[BlackTeam "Iceni 1"]

1. Nf3 d5 2. g3 c6 3. Bg2 Nf6 4. O-O Bf5 5. d3 e6 6. Nbd2 Be7 7. c4 h6 8. Rb1
a5 9. b3 O-O 10. a3 Na6 11. Bb2 Rc8 12. Qc2 Bh7 13. Ne5 Qc7 14. Rbc1 Rfd8 15.
cxd5 exd5 16. Bh3 Ra8 17. Ndf3 Bd6 18. Ng4 1/2-1/2

[Event "4NCL 3 South pool B"]
[Site "Maidenhead, ENG"]
[Date "2020.01.12"]
[Round "4.73"]
[White "Reynolds, D Ian W"]
[Black "Anderson, Peter W"]
[Result "1/2-1/2"]
[WhiteElo "2014"]
[BlackElo "1998"]
[PlyCount "46"]
[EventDate "2020.01.12"]
[WhiteTeam "Iceni 1"]
[BlackTeam "Wessex B"]

1. e4 g6 2. d4 Bg7 3. Nc3 d6 4. f4 a6 5. Nf3 b5 6. Bd3 Nd7 7. e5 Nh6 8. Be4 Rb8
9. O-O O-O 10. Ne2 c5 11. c3 Qb6 12. Kh1 cxd4 13. cxd4 Bb7 14. Bxb7 Qxb7 15.
Ng3 e6 16. Bd2 Rfd8 17. Qe2 d5 18. Rac1 Bf8 19. Rc2 Rbc8 20. Rfc1 Nb6 21. b3
Ba3 22. Rxc8 Rxc8 23. Rxc8+ Qxc8 1/2-1/2

[Event "4NCL 3 South pool B"]
[Site "Maidenhead, ENG"]
[Date "2020.01.12"]
[Round "4.74"]
[White "Simons, Martin J"]
[Black "Sagues, Vincent"]
[Result "1/2-1/2"]
[WhiteElo "1962"]
[BlackElo "1951"]
[PlyCount "45"]
[EventDate "2020.01.12"]
[WhiteTeam "Wessex B"]
[BlackTeam "Iceni 1"]

1. d4 d5 2. Bf4 Nf6 3. e3 c5 4. c3 Nc6 5. Bd3 e6 6. Nf3 cxd4 7. exd4 Bd6 8. Bg3
Qc7 9. Nbd2 O-O 10. Qc2 e5 11. dxe5 Nxe5 12. Nxe5 Bxe5 13. O-O-O g6 14. Bxe5
Qxe5 15. Nf3 Qf4+ 16. Qd2 Qxd2+ $11 17. Rxd2 Bd7 18. Re1 Rfe8 19. Rde2 Rxe2 20.
Rxe2 Re8 21. Rxe8+ Bxe8 22. Kd2 Kf8 23. h3 1/2-1/2

[Event "4NCL 3 South pool B"]
[Site "Maidenhead, ENG"]
[Date "2020.01.12"]
[Round "4.75"]
[White "Calvert, D Ian"]
[Black "De Coverly, Roger D"]
[Result "1/2-1/2"]
[WhiteElo "1946"]
[BlackElo "1940"]
[PlyCount "119"]
[EventDate "2020.01.12"]
[WhiteTeam "Iceni 1"]
[BlackTeam "Wessex B"]

1. b3 e5 2. Bb2 d6 3. d4 Nd7 4. dxe5 dxe5 5. e4 Ngf6 6. Nc3 Bb4 7. Qd3 Qe7 8.
a3 Bxc3+ 9. Bxc3 Nc5 10. Qe3 Ncxe4 11. Bb2 Bf5 12. f3 Nd6 13. Qxe5 Qxe5+ 14.
Bxe5 O-O-O 15. O-O-O Rhe8 16. Bxd6 Rxd6 17. Rxd6 cxd6 18. Kd2 Nd5 19. Bd3 Bxd3
20. cxd3 Ne3 21. g3 Nf1+ 22. Kc3 Kd7 23. Nh3 Rc8+ 24. Kb2 Nd2 25. Rd1 Nxf3 26.
Rf1 Ne5 27. d4 Nd3+ 28. Kb1 f6 29. Rd1 Rc3 30. Ka2 Rc2+ 31. Ka1 Rxh2 32. Rxd3
Rxh3 33. Kb2 h5 34. Kc2 h4 35. gxh4 Rxh4 36. d5 Rh2+ 37. Kc3 g5 38. Rg3 Rh5 39.
Rf3 Rh6 40. Kd3 g4 41. Rf4 Rg6 42. Ke2 g3 43. Kf1 Kc7 44. Kg2 a5 45. b4 a4 46.
b5 Kb6 47. Rxa4 Kxb5 48. Rb4+ Kc5 49. Rxb7 Kxd5 50. a4 Kc6 51. Rf7 Kb6 52. Rd7
f5 53. Rf7 Rg5 54. Rf6 Ka5 55. Rxd6 Kxa4 56. Rd3 Rg6 57. Rxg3 Re6 58. Rg5 Re5
59. Kf3 Kb4 60. Kf4 1/2-1/2

[Event "4NCL 3 South pool B"]
[Site "Maidenhead, ENG"]
[Date "2020.01.12"]
[Round "4.76"]
[White "Weatherlake, John P"]
[Black "Ortiz Sanchez, Luis"]
[Result "1-0"]
[WhiteElo "1975"]
[BlackElo "1947"]
[PlyCount "84"]
[EventDate "2020.01.12"]
[WhiteTeam "Wessex B"]
[BlackTeam "Iceni 1"]

1. Nc3 c5 2. e4 Nc6 3. f4 d6 4. Nf3 g6 5. Bc4 Bg7 6. O-O e6 7. d3 Nge7 8. Qe1
Nd4 9. Nxd4 cxd4 10. Ne2 O-O 11. Bb3 b5 12. g4 a5 13. a4 bxa4 14. Bxa4 f5 15.
Qf2 fxg4 16. Nxd4 e5 17. Bb3+ Kh8 18. Ne6 Bxe6 19. Bxe6 exf4 20. Bxg4 Nc6 21.
Qg2 Qg5 22. c3 Ne5 23. Be2 Qxg2+ 24. Kxg2 g5 25. d4 Ng6 26. Kh3 Rfe8 27. Bh5
Rxe4 28. Bf3 d5 29. Bxe4 dxe4 30. Kg4 h6 31. Kf5 Nh4+ 32. Kxe4 h5 33. Kd3 Ng6
34. b4 Rd8 35. Rxa5 Bf6 36. Ra6 Kg7 37. b5 f3 38. Rxf6 Kxf6 39. Rxf3+ Ke6 40.
Bxg5 Ne5+ 41. Ke4 Nxf3 42. Bxd8 Nd2+ 1-0

[Event "4NCL 3 South pool B"]
[Site "Maidenhead, ENG"]
[Date "2020.01.12"]
[Round "4.81"]
[White "Chopra, Tanmay"]
[Black "Mogilarov, Dimitar"]
[Result "1-0"]
[WhiteElo "2186"]
[BlackElo "2110"]
[PlyCount "95"]
[EventDate "2020.01.12"]
[WhiteTeam "Cambridge University 2"]
[BlackTeam "Fermented Sharks"]

1. Nf3 Nf6 2. c4 g6 3. Nc3 Bg7 4. e4 c5 5. d4 cxd4 6. Nxd4 Nc6 7. Be3 Ng4 8.
Qxg4 Nxd4 9. Qd1 e5 10. h4 h6 11. Qd2 d6 12. Ne2 Be6 13. Nxd4 exd4 14. Bxd4
Bxd4 15. Qxd4 Qa5+ 16. Qd2 Qe5 17. O-O-O Rc8 18. f4 Qxe4 19. Qxd6 Bg4 20. Qd4
Qxd4 21. Rxd4 O-O 22. Bd3 b5 23. Kd2 bxc4 24. Bxc4 Rcd8 25. Rxd8 Rxd8+ 26. Kc3
Re8 27. Rf1 Re3+ 28. Kd4 Rg3 29. Bd5 Bf5 30. Rc1 Rd3+ 31. Kc5 Rd2 32. b4 Be6
33. Bxe6 fxe6 34. a4 Rxg2 35. Kd6 Rb2 36. b5 Rb4 37. Rc8+ Kf7 38. Rc7+ Kf6 39.
Rxa7 Rxf4 40. b6 Rb4 41. Kc5 Rb2 42. Rh7 e5 43. a5 e4 44. Kd4 Kf5 45. b7 Rb4+
46. Kc3 Rb5 47. a6 e3 48. Kd3 1-0

[Event "4NCL 3 South pool B"]
[Site "Maidenhead, ENG"]
[Date "2020.01.12"]
[Round "4.82"]
[White "Menzies, Colin"]
[Black "Nettleton, Charlie B"]
[Result "1/2-1/2"]
[WhiteElo "2181"]
[BlackElo "2004"]
[PlyCount "67"]
[EventDate "2020.01.12"]
[WhiteTeam "Fermented Sharks"]
[BlackTeam "Cambridge University 2"]

1. e4 e5 2. Nf3 Nc6 3. d4 exd4 4. Nxd4 Bc5 5. Nb3 Bb6 6. Nc3 Qf6 7. Qe2 Nge7 8.
Be3 O-O 9. O-O-O d6 10. f3 Be6 11. h4 Ng6 12. Bg5 Qe5 13. Qd2 Bxb3 14. axb3 Qa5
15. Na4 Qxd2+ 16. Bxd2 Nge5 17. Nxb6 axb6 18. Kb1 Ra7 19. c3 Rfa8 20. Be2 Ra1+
21. Kc2 Rxd1 22. Rxd1 h5 23. Rh1 Ne7 24. Re1 g6 25. Bg5 Re8 26. Ra1 Kg7 27.
Bxe7 Rxe7 28. Ra7 c6 29. Ba6 f6 30. Rxb7 Rxb7 31. Bxb7 g5 32. Kd2 gxh4 33. Ke2
c5 34. Ke3 1/2-1/2

[Event "4NCL 3 South pool B"]
[Site "Maidenhead, ENG"]
[Date "2020.01.12"]
[Round "4.83"]
[White "Starley, Robert"]
[Black "Okhai, Shabir"]
[Result "0-1"]
[WhiteElo "2072"]
[BlackElo "2103"]
[PlyCount "176"]
[EventDate "2020.01.12"]
[WhiteTeam "Cambridge University 2"]
[BlackTeam "Fermented Sharks"]

1. e4 e5 2. Nf3 Nc6 3. Bb5 a6 4. Ba4 Nf6 5. O-O Be7 6. Re1 b5 7. Bb3 d6 8. c3
O-O 9. d4 Bg4 10. d5 Nb8 11. h3 Bh5 12. Nbd2 Nbd7 13. Nf1 Nc5 14. Bc2 Bg6 15.
Ng3 Qc8 16. Nh4 Re8 17. Nxg6 hxg6 18. a4 c6 19. dxc6 Qxc6 20. Bg5 Reb8 21. axb5
axb5 22. Qe2 b4 23. cxb4 Rxb4 24. Rxa8+ Qxa8 25. Rb1 Qa2 26. Bxf6 Bxf6 27. Bd3
Rb3 28. Bc2 Rxb2 29. Rxb2 Qxb2 30. Nf1 Bg5 31. g3 Ne6 32. Bd1 Qb7 33. Nh2 Bd8
34. Nf3 Bb6 35. Bc2 Nc5 36. Qb5 Nd7 37. Kg2 Qc7 38. Bb3 Qc5 39. Qxc5 Nxc5 40.
Bd5 Bd8 41. Kf1 Kf8 42. Ke2 g5 43. Nd2 g6 44. f3 Ke7 45. Nb3 Nd7 46. Nd2 Nf6
47. Bb3 Nh5 48. Nf1 Bb6 49. Bc4 f5 50. Bd3 Ke6 51. Bc4+ Kf6 52. Bb3 Bc5 53. Bc4
Ba7 54. Bb3 Bg1 55. Bc4 Bc5 56. Bb3 Ng7 57. Kd3 g4 58. hxg4 fxg4 59. Ke2 Kg5
60. Bf7 Kf6 61. Bc4 gxf3+ 62. Kxf3 Ne6 63. Bxe6 Kxe6 64. Nh2 d5 65. exd5+ Kxd5
66. Ng4 e4+ 67. Kf4 Be7 68. Ne3+ Kd4 69. Nc2+ Kd3 70. Ne1+ Ke2 71. Nc2 Kd2 72.
Nd4 Kd3 73. Nb3 Ba3 74. g4 Bd6+ 75. Kg5 e3 76. Nc1+ Kd2 77. Nb3+ Kc2 78. Nd4+
Kd3 79. Nf3 e2 80. Ne1+ Ke4 81. Nc2 Bg3 82. Kxg6 Kd3 83. Nb4+ Kd2 84. g5 e1=Q
85. Kh5 Qe4 86. Na6 Qe2+ 87. Kh6 Qxa6+ 88. g6 Be5 0-1

[Event "4NCL 3 South pool B"]
[Site "Maidenhead, ENG"]
[Date "2020.01.12"]
[Round "4.84"]
[White "Voyiakis, Emmanuel"]
[Black "Chan, Nevil"]
[Result "1-0"]
[WhiteElo "2067"]
[BlackElo "2023"]
[PlyCount "99"]
[EventDate "2020.01.12"]
[WhiteTeam "Fermented Sharks"]
[BlackTeam "Cambridge University 2"]

1. e4 b6 2. d4 Bb7 3. Bd3 Nf6 4. Qe2 Nc6 5. c3 e5 6. Nf3 d6 7. O-O Be7 8. d5
Nb8 9. b4 O-O 10. a3 Nbd7 11. Bd2 Nh5 12. c4 Nf4 13. Bxf4 exf4 14. Nbd2 Bf6 15.
Rab1 Ne5 16. Nxe5 Bxe5 17. Nf3 Qe7 18. Nxe5 Qxe5 19. Qb2 Qg5 20. Be2 Rae8 21.
Bf3 Bc8 22. Rfe1 Bg4 23. Qc3 Bxf3 24. Qxf3 Qe5 25. Qd3 Re7 26. Rbc1 f5 27. f3
Rfe8 28. c5 dxc5 29. bxc5 Qf6 30. d6 cxd6 31. cxd6 Rd7 32. Qd5+ Qf7 33. Qxf7+
Kxf7 34. e5 Ke6 35. g3 fxg3 36. hxg3 g5 37. f4 g4 38. Rc3 Rb8 39. Rec1 Rbd8 40.
Kf2 Rb8 41. Ke3 h5 42. Rc8 Rxc8 43. Rxc8 Rh7 44. Rg8 h4 45. gxh4 Rxh4 46. Rg6+
Kf7 47. Rf6+ Ke8 48. Rxf5 Rh3+ 49. Ke4 Rxa3 50. Rg5 1-0

[Event "4NCL 3 South pool B"]
[Site "Maidenhead, ENG"]
[Date "2020.01.12"]
[Round "4.85"]
[White "Webster, Peter A N"]
[Black "George, Matthew P"]
[Result "1-0"]
[WhiteElo "1873"]
[BlackElo "2013"]
[PlyCount "39"]
[EventDate "2020.01.12"]
[WhiteTeam "Cambridge University 2"]
[BlackTeam "Fermented Sharks"]

1. e4 d5 2. exd5 Qxd5 3. Nc3 Qd8 4. d4 Nf6 5. Bc4 a6 6. Nge2 b5 7. Bb3 Bb7 8.
O-O e6 9. Be3 Be7 10. Nf4 Nd5 11. Ncxd5 exd5 12. Qf3 c6 13. Rfe1 Nd7 14. Nh5
Kf8 15. Nxg7 Kxg7 16. Qg4+ Kf8 17. Bh6+ Ke8 18. Qg7 Rf8 19. Re2 Qa5 20. Bg5 1-0

[Event "4NCL 3 South pool B"]
[Site "Maidenhead, ENG"]
[Date "2020.01.12"]
[Round "4.86"]
[White "Dydak, Mateusz"]
[Black "Patel, Rishi"]
[Result "1-0"]
[WhiteElo "1889"]
[BlackElo "1902"]
[PlyCount "149"]
[EventDate "2020.01.12"]
[WhiteTeam "Fermented Sharks"]
[BlackTeam "Cambridge University 2"]

1. c4 e5 2. Nc3 Nc6 3. Nf3 Bc5 4. e3 d6 5. d4 Bb4 6. dxe5 Bxc3+ 7. bxc3 Nxe5 8.
Nxe5 dxe5 9. Qxd8+ Kxd8 10. Ba3 Nf6 11. Rb1 b6 12. Rd1+ Bd7 13. c5 Ke8 14. Bc4
Bc6 15. f3 b5 16. Bb3 a5 17. Kf2 Ke7 18. e4 Rhd8 19. Ke3 Ke8 20. Bb2 a4 21.
Rxd8+ Rxd8 22. Bc2 Nd7 23. Ba3 Nf8 24. Rb1 Ne6 25. Bd3 Rb8 26. g3 Bd7 27. f4 f6
28. f5 Nd8 29. c4 c6 30. Be2 g6 31. g4 Kf7 32. Bb4 Nb7 33. Rc1 Rc8 34. Rf1 g5
35. h4 h6 36. a3 Ra8 37. Rd1 Be8 38. hxg5 hxg5 39. Rc1 Rc8 40. Rb1 Bd7 41. Rh1
Kg7 42. cxb5 cxb5 43. c6 Rxc6 44. Bxb5 Rc7 45. Bxd7 Rxd7 46. Rc1 Kf7 47. Rc6
Nd8 48. Ra6 Rb7 49. Rd6 Ke7 50. Ra6+ Kf7 51. Rd6 Ke7 52. Rd5+ Ke8 53. Ra5 Nc6
54. Rxa4 Nxb4 55. Rxb4 Ra7 56. a4 Kd7 57. Rc4 Rb7 58. Rc3 Rb4 59. Ra3 Kc7 60.
a5 Kb7 61. Rd3 Kc7 62. Rc3+ Kb7 63. Rc5 Ra4 64. Rb5+ Kc6 65. Rb6+ Kc5 66. Rxf6
Rxa5 67. Rg6 Ra3+ 68. Kd2 Kd4 69. Rxg5 Kxe4 70. f6 Ra8 71. Rf5 Rf8 72. f7 Kd5
73. Rf6 e4 74. Ke3 Ke5 75. g5 1-0

[Event "4NCL 3 South pool B"]
[Site "Maidenhead, ENG"]
[Date "2020.02.08"]
[Round "5.51"]
[White "Taylor, William J"]
[Black "Moloney, Nicholas R"]
[Result "0-1"]
[WhiteElo "1959"]
[BlackElo "2187"]
[PlyCount "82"]
[EventDate "2020.02.08"]
[WhiteTeam "West is Best 2"]
[BlackTeam "Fermented Sharks"]

1. e4 c6 2. d4 d5 3. Nd2 dxe4 4. Nxe4 Nd7 5. Ng5 Ngf6 6. Bd3 Nb6 7. h3 g6 8.
N1f3 Bg7 9. Ne5 Qxd4 10. Nexf7 O-O 11. O-O Qd5 12. Qe2 Rxf7 13. c4 Qd6 14. Nxf7
Kxf7 15. Be3 Nbd7 16. Rad1 Qc7 17. f4 e6 18. Bd4 Nh5 19. Bxg7 Nxg7 20. Kh1 b6
21. Rde1 Kg8 22. Rf3 Bb7 23. Qe3 Rf8 24. Ref1 c5 25. Rg3 Rf6 26. Kg1 Kf7 27.
Rg5 Nf5 28. Bxf5 exf5 29. Re1 Be4 30. g4 Qd6 31. gxf5 gxf5 32. Kh2 Qd4 33. Qg3
Qxb2+ 34. Kg1 Qd4+ 35. Kh2 Rg6 36. Rxg6 hxg6 37. Re2 Nf6 38. Qb3 Qd6 39. Rf2
Nh5 40. Qa3 Qe7 41. Qe3 Qd6 0-1

[Event "4NCL 3 South pool B"]
[Site "Maidenhead, ENG"]
[Date "2020.02.08"]
[Round "5.52"]
[White "Menzies, Colin"]
[Black "Homer, Stephen J"]
[Result "1-0"]
[WhiteElo "2181"]
[BlackElo "2001"]
[PlyCount "83"]
[EventDate "2020.02.08"]
[WhiteTeam "Fermented Sharks"]
[BlackTeam "West is Best 2"]

1. e4 c5 2. Nf3 d6 3. Bb5+ Nd7 4. O-O a6 5. Bd3 Ngf6 6. Re1 g6 7. c3 Bg7 8. Bc2
O-O 9. d4 e5 10. a4 Qc7 11. Na3 cxd4 12. cxd4 exd4 13. Nxd4 Re8 14. Bf4 Ne5 15.
h3 Qb6 16. Qd2 Bxh3 17. a5 Qc5 18. b4 Qc8 19. gxh3 Nh5 20. Kg2 Nxf4+ 21. Qxf4
Nc6 22. Nxc6 Bxa1 23. Rxa1 Qxc6 24. Bb3 Qxe4+ 25. Qxe4 Rxe4 26. Rb1 Rc8 27. Bd5
Re5 28. Bxb7 Rc3 29. Ra1 Rg5+ 30. Kf1 Rxh3 31. b5 axb5 32. a6 b4 33. Nc4 d5 34.
Ra5 dxc4 35. Rxg5 Ra3 36. Ke2 b3 37. Rb5 Ra2+ 38. Kd1 Ra1+ 39. Kd2 Ra2+ 40. Kc3
Rc2+ 41. Kd4 Rxf2 42. a7 1-0

[Event "4NCL 3 South pool B"]
[Site "Maidenhead, ENG"]
[Date "2020.02.08"]
[Round "5.53"]
[White "Davis, Lee"]
[Black "Okhai, Shabir"]
[Result "0-1"]
[WhiteElo "1970"]
[BlackElo "2103"]
[PlyCount "142"]
[EventDate "2020.02.08"]
[WhiteTeam "West is Best 2"]
[BlackTeam "Fermented Sharks"]

1. d4 Nf6 2. g3 e6 3. Bg2 c5 4. Nf3 cxd4 5. Nxd4 d5 6. O-O e5 7. Nb3 Be6 8. c4
Nc6 9. cxd5 Nxd5 10. Bxd5 Bxd5 11. Nc3 Bc4 12. Nd2 Be6 13. Qa4 Be7 14. Nf3 O-O
15. Rd1 Qe8 16. Be3 a6 17. Bb6 Bd8 18. Bxd8 Rxd8 19. Ng5 Qe7 20. Nxe6 Qxe6 21.
e3 $11 f5 22. Rxd8 Rxd8 23. Rd1 Rxd1+ 24. Qxd1 e4 25. Qd5 Kf7 26. h4 Qxd5 27.
Nxd5 Ne5 28. Kf1 Ke6 29. Nc3 Kd6 30. Ke2 Kc5 31. Kd2 b5 32. Kc2 Nd3 33. Nd1
Nb4+ 34. Kb1 Kc4 35. a3 Nd3 36. Kc2 Nc5 37. b3+ Kd5 38. Kc3 Nd3 39. b4 Ne5 40.
Nb2 Ng4 41. Nd1 g6 42. Kb3 h6 43. Nc3+ Ke5 44. Nd1 g5 45. hxg5 hxg5 46. a4 Kd6
47. axb5 axb5 48. Kc3 Kd5 49. Kb3 Ne5 50. Kc3 Nc4 51. Kb3 Ke5 52. Kc3 Nb6 53.
Kb3 Nc4 54. Nc3 Nd6 55. Nd1 f4 56. gxf4+ gxf4 57. Kc3 Nf5 58. Kb3 f3 59. Kc3
Ne7 60. Kb3 Nd5 61. Ka3 Kf5 62. Kb3 Kg4 63. Kc2 Kh3 64. Kd2 Kg2 65. Ke1 Kg1 66.
Kd2 Kf1 67. Kc2 Ke1 68. Kc1 Ke2 69. Kc2 Nxb4+ 70. Kc1 Nd3+ 71. Kc2 b4 0-1

[Event "4NCL 3 South pool B"]
[Site "Maidenhead, ENG"]
[Date "2020.02.08"]
[Round "5.54"]
[White "Voyiakis, Emmanuel"]
[Black "Jukes, Sam"]
[Result "1-0"]
[WhiteElo "2067"]
[BlackElo "1926"]
[PlyCount "45"]
[EventDate "2020.02.08"]
[WhiteTeam "Fermented Sharks"]
[BlackTeam "West is Best 2"]

1. Nf3 g6 2. g3 Nf6 3. Bg2 Bg7 4. O-O O-O 5. d3 c5 6. e4 Nc6 7. Nbd2 e5 8. c3
Re8 9. a4 d6 10. Re1 Nd7 11. Nc4 Nf8 12. a5 Bg4 13. h3 Bxf3 14. Bxf3 Ne6 15. h4
f5 16. exf5 gxf5 17. a6 d5 18. axb7 Rb8 19. Qa4 dxc4 20. Bxc6 f4 21. Bxe8 fxg3
22. fxg3 cxd3 23. Qd7 1-0

[Event "4NCL 3 South pool B"]
[Site "Maidenhead, ENG"]
[Date "2020.02.08"]
[Round "5.55"]
[White "Davies, Matthew"]
[Black "Agnew, Alan"]
[Result "0-1"]
[WhiteElo "1906"]
[BlackElo "2064"]
[PlyCount "78"]
[EventDate "2020.02.08"]
[WhiteTeam "West is Best 2"]
[BlackTeam "Fermented Sharks"]

1. d4 Nf6 2. c4 e6 3. Nc3 Bb4 4. e3 O-O 5. Nge2 d5 6. a3 Be7 7. Nf4 a6 8. cxd5
exd5 9. Bd3 c6 10. Bd2 Nbd7 11. Qc2 Bd6 12. Nfe2 c5 13. Bf5 c4 14. O-O Qc7 15.
g3 b5 16. f3 Nb6 17. Bxc8 Qxc8 18. e4 Be7 19. e5 Ne8 20. Nf4 Nc7 21. Rae1 Qd7
22. Ng2 Ne6 23. Ne2 a5 24. f4 f5 25. Ne3 g6 26. h3 b4 27. axb4 axb4 28. Bc1 Qa4
29. g4 Qxc2 30. Nxc2 Ra2 31. Ne3 Bh4 32. Rd1 c3 33. Ng2 Be7 34. Ng3 cxb2 35.
Be3 Nc4 36. gxf5 gxf5 37. Rf2 Ra1 38. Rff1 Rxd1 39. Rxd1 Na3 0-1

[Event "4NCL 3 South pool B"]
[Site "Maidenhead, ENG"]
[Date "2020.02.08"]
[Round "5.56"]
[White "Dydak, Mateusz"]
[Black "Smith, Steve"]
[Result "1/2-1/2"]
[WhiteElo "1889"]
[BlackElo "1826"]
[PlyCount "167"]
[EventDate "2020.02.08"]
[WhiteTeam "Fermented Sharks"]
[BlackTeam "West is Best 2"]

1. e4 e5 2. Nc3 Nf6 3. Nf3 Nc6 4. Bb5 Bc5 5. d3 d6 6. Bg5 h6 7. Bh4 g5 8. Bg3
a6 9. Bxc6+ bxc6 10. d4 exd4 11. Nxd4 O-O 12. O-O Re8 13. Re1 Bd7 14. a3 Ba7
15. h4 c5 16. Nf5 Bxf5 17. exf5 Qd7 18. hxg5 hxg5 19. Qf3 c6 20. Qd3 d5 21. Be5
Kg7 22. Bxf6+ Kxf6 23. Ne4+ Kg7 24. f6+ Kh6 25. Ng3 c4 26. Qf3 g4 27. Qf4+ Kg6
28. Re5 Rxe5 29. Qxe5 Re8 30. Qh5+ Kxf6 31. Qh6+ Ke7 32. Qg5+ Kd6 33. Qf4+ Kc5
34. b3 Kb6 35. bxc4 Kb7 36. cxd5 cxd5 37. Rd1 Kc8 38. c4 d4 39. Nf5 Rd8 40.
Qxg4 Kc7 41. Rb1 Bc5 42. Qf4+ Bd6 43. Nxd6 Qxd6 44. Qxf7+ Rd7 45. Qf3 d3 46.
Qb7+ Kd8 47. Qa8+ Ke7 48. Re1+ Kf6 49. Qh8+ Kg6 50. Qg8+ Kf6 51. Qh8+ Kg6 52.
Qh3 Kg5 53. Qe3+ Kf5 54. Qe4+ Kf6 55. Qh4+ Kf5 56. Qh5+ Kf6 57. Qh6+ Kf5 58.
Qh5+ Kf6 59. c5 d2 60. Rd1 Qd3 61. Qf3+ Qxf3 62. gxf3 Rd3 63. a4 Ke6 64. Kf1
Kd5 65. Ke2 Ra3 66. Rxd2+ Kxc5 67. f4 Rxa4 68. Ke3 a5 69. f5 Rb4 70. Rd8 a4 71.
f6 Rb7 72. Ra8 Rf7 73. Rxa4 Rxf6 74. f4 Kd5 75. Re4 Re6 76. Rxe6 Kxe6 77. Ke4
Kf6 78. f5 Kf7 79. Ke5 Ke7 80. f6+ Kf7 81. Kf5 Kf8 82. Kg6 Kg8 83. f7+ Kf8 84.
Kf6 1/2-1/2